Nietzsche en Italie /

Furkejuvvon:
Bibliográfalaš dieđut
Váldodahkki: Pourtalès, Guy de (autor)
Materiálatiipa: Girji
Giella:fránskkagiella
Almmustuhtton: París, Francia : Bernard Grasset, 1929, c1929
Fáttát:
Fáddágilkorat: Lasit fáddágilkoriid
Eai fáddágilkorat, Lasit vuosttaš fáddágilkora!

MARC

LEADER 00000nam^a2200000^a^4500
001 000259195
005 20250521000000.0
009 20260310110356.353
037 |a Acervo Xavier Clavigero 
041 |a FRA 
082 |a 149. 8  |b NIE EST POU 
100 |a Pourtalès, Guy de  |e (autor) 
245 1 0 |a Nietzsche en Italie /  |c G. de Pourtalès. 
264 4 |a París, Francia :  |b Bernard Grasset,  |c 1929, c1929 
300 |a 228 p. 
336 |a texto  |b txt  |2 rdacontenido 
337 |a sin mediación  |b n  |2 rdamedio 
338 |a volumen  |b nc  |2 rdasoporte 
649 |a XX 
650 |a Filósofos Alemanes 
650 |a Nihilismo 
650 |a Vitalismo 
650 |a Filosofía del Siglo XIX 
650 |a Filosofía Alemana 
650 |a Nietzsche, Friedrich 
910 |a Fondo General 
920 |a Impresos - Libros 
930 |a Colección General 
905 |a 101 
901 |a 009131  |b IT1  |c ACC  |u 20250521 
902 |a https://opac.biblio.iteso.mx/vufind/Record/000259195